[Event "Summer Prague Open 2019 - A"]
[Site "Olympik hotel, Sokolovska 138,"]
[Date "2019.08.03"]
[Round "2"]
[White "Lyrberg, Patrik"]
[Black "Chudinovskikh, Alexander M"]
[Result "1-0"]
[WhiteElo "2457"]
[BlackElo "2145"]
[PlyCount "79"]
[EventDate "2019.08.02"]

1. Nf3 Nf6 2. c4 c5 3. g3 g6 4. Bg2 Bg7 5. Nc3 O-O 6. d4 cxd4 7. Nxd4 Nc6 8.
O-O Nxd4 9. Qxd4 d6 10. Qd3 a6 11. b3 Bf5 12. Qe3 Rb8 13. Bb2 b5 14. cxb5 axb5
15. Qd2 Qa5 16. Ne4 Qxd2 17. Nxd2 Rfc8 18. Rfc1 b4 19. Nc4 Ne4 20. Bxg7 Kxg7
21. g4 Nc3 22. Rxc3 bxc3 23. gxf5 gxf5 24. Rc1 Rb5 25. Rxc3 d5 26. Nd6 Rxc3 27.
Nxb5 Rc1+ 28. Bf1 f4 29. e3 f3 30. a4 Ra1 31. Nd4 Kf6 32. Nxf3 e5 33. e4 Rd1
34. exd5 e4 35. Nh4 Rb1 36. d6 Rxb3 37. d7 Ke7 38. Bb5 Rb1+ 39. Kg2 Rd1 40. Kg3
1-0

[Event "Summer Prague Open 2019 - A"]
[Site "Olympik hotel, Sokolovska 138,"]
[Date "2019.08.03"]
[Round "2"]
[White "Levi, Netanel"]
[Black "Koustav, Chatterjee"]
[Result "0-1"]
[WhiteElo "2143"]
[BlackElo "2429"]
[PlyCount "152"]
[EventDate "2019.08.02"]

1. e4 e6 2. d4 d5 3. Nd2 Be7 4. Ngf3 Nf6 5. e5 Nfd7 6. c3 c5 7. Bd3 b6 8. O-O
Ba6 9. Ne1 Bxd3 10. Nxd3 Nc6 11. Qg4 g6 12. Nf3 h5 13. Qf4 Qc7 14. h4 c4 15.
Nde1 b5 16. Ng5 Nd8 17. Nc2 a5 18. a3 Nb6 19. Bd2 Ra6 20. Qg3 Nc6 21. f4 Bd8
22. Rfb1 Ne7 23. Ne3 Nf5 24. Nxf5 gxf5 25. Qe1 Qc6 26. Qe2 Kf8 27. Kh2 Kg7 28.
Kh3 Be7 29. Qf3 Qa8 30. Qg3 Kf8 31. Qf3 Ra7 32. Qe2 Qe8 33. Qf3 Kg7 34. Qe2 Kh6
35. Be1 Kg6 36. Kh2 Qc6 37. Kh3 Rha8 38. Qf3 Qe8 39. Bd2 Ra6 40. Qe2 R8a7 41.
Qf3 Qf8 42. Qd1 Ra8 43. Kh2 R6a7 44. Kh3 b4 45. cxb4 axb4 46. axb4 Bxb4 47.
Bxb4 Qxb4 48. Rxa7 Rxa7 49. Qf3 Qb3 50. Qg3 Qxg3+ 51. Kxg3 Ra4 52. Kh2 Rb4 53.
Ra1 Ra4 54. Rb1 Ra2 55. b3 c3 56. Rc1 c2 57. Nf3 Rb2 58. Ne1 Rb1 59. Nd3 Rxb3
60. Ne1 Rb4 61. Nxc2 Rc4 62. Kg3 Rc3+ 63. Kf2 Nc4 64. Ke2 Kg7 65. Ke1 Kg6 66.
Ke2 f6 67. Kd1 Rd3+ 68. Ke2 Rg3 69. Rg1 Rc3 70. Kd1 fxe5 71. dxe5 d4 72. Ne1 d3
73. Nf3 Rc2 74. Ke1 Ne3 75. Nd2 Rc1+ 76. Kf2 Ng4+ 0-1

[Event "Summer Prague Open 2019 - A"]
[Site "Olympik hotel, Sokolovska 138,"]
[Date "2019.08.03"]
[Round "2"]
[White "Ondersteijn, Niels"]
[Black "Beukes, Dante M"]
[Result "1/2-1/2"]
[WhiteElo "2397"]
[BlackElo "2130"]
[PlyCount "119"]
[EventDate "2019.08.02"]

1. b3 e5 2. Bb2 Nc6 3. e3 d5 4. Bb5 Bd6 5. f4 f6 6. Qh5+ g6 7. Qh4 Bd7 8. Nf3
exf4 9. O-O Nce7 10. Bxd7+ Qxd7 11. exf4 O-O-O 12. Nc3 Nf5 13. Qf2 d4 14. Ne2
Bc5 15. Nc1 Bb6 16. Nd3 Nge7 17. a4 Nc6 18. Ba3 a5 19. Rfe1 Qd5 20. Qe2 Ng7 21.
Qf2 Nf5 22. Re2 Rhe8 23. Rae1 Rxe2 24. Qxe2 Ng7 25. Qf2 Re8 26. Qh4 Rxe1+ 27.
Nfxe1 Nh5 28. Kf1 Qe4 29. Nf3 Nd8 30. Qe1 Qxe1+ 31. Kxe1 Ne6 32. g3 Kd7 33. Ke2
Kc6 34. Nh4 Bc5 35. Bb2 Nhg7 36. Kf3 Kd5 37. g4 c6 38. c4+ dxc3 39. dxc3 b5 40.
f5 Ng5+ 41. Ke2 gxf5 42. gxf5 Ne4 43. c4+ bxc4 44. Nf4+ Kd6 45. bxc4 Ke7 46.
Nd3 Bb6 47. Nc1 Kf7 48. Nb3 Ne8 49. Kd3 Nf2+ 50. Kc2 Ne4 51. Bd4 Bxd4 52. Nxd4
N8d6 53. Nxc6 Nxc4 54. Kd3 Ned6 55. Kd4 Nb2 56. Kc5 Ne4+ 57. Kd5 Nc3+ 58. Kd6
Ne4+ 59. Kd5 Nc3+ 60. Kd6 1/2-1/2

[Event "Summer Prague Open 2019 - A"]
[Site "Olympik hotel, Sokolovska 138,"]
[Date "2019.08.03"]
[Round "2"]
[White "Tejaswini, Sagar"]
[Black "Neuman, Petr"]
[Result "1/2-1/2"]
[WhiteElo "2132"]
[BlackElo "2392"]
[PlyCount "86"]
[EventDate "2019.08.02"]

1. e4 c6 2. d4 d5 3. Nc3 dxe4 4. Nxe4 Nf6 5. Nxf6+ exf6 6. c3 Bd6 7. Bd3 O-O 8.
Qc2 Re8+ 9. Ne2 h5 10. Be3 Nd7 11. O-O-O Nf8 12. Kb1 Be6 13. c4 Rc8 14. h3 b5
15. Rhe1 bxc4 16. Bxc4 Bd5 17. Bxd5 cxd5 18. Qa4 Rc4 19. Qb5 Rb4 20. Qd3 Ne6
21. Bd2 Rb7 22. Rc1 Qd7 23. Rc2 g6 24. g4 h4 25. f4 Ng7 26. Nc3 Bb4 27. Rxe8+
Nxe8 28. Qf3 Bxc3 29. Bxc3 f5 30. g5 Qb5 31. Qe2 Qxe2 32. Rxe2 Ng7 33. Bd2 Ne6
34. Be3 Kf8 35. Kc2 Ke7 36. Kd3 Kd7 37. Rc2 Rb4 38. b3 a5 39. Rc3 Rb8 40. Bd2
Rb4 41. Be3 Rb8 42. Bd2 Rb4 43. Be3 Rb8 1/2-1/2

[Event "Summer Prague Open 2019 - A"]
[Site "Olympik hotel, Sokolovska 138,"]
[Date "2019.08.03"]
[Round "2"]
[White "Plischki, Sebastian"]
[Black "Skalsky, Alexandr"]
[Result "0-1"]
[WhiteElo "2391"]
[BlackElo "2128"]
[PlyCount "68"]
[EventDate "2019.08.02"]

1. d4 Nf6 2. c4 g6 3. g3 Bg7 4. Bg2 d5 5. cxd5 Nxd5 6. Nf3 Nb6 7. Nc3 Nc6 8. e3
O-O 9. O-O Re8 10. h3 a5 11. Qe2 e5 12. dxe5 Nxe5 13. Nxe5 Bxe5 14. Rd1 Qe7 15.
e4 Be6 16. Be3 Bxc3 17. bxc3 Nc4 18. Bf4 a4 19. Rab1 c6 20. Rd4 b5 21. Rbd1 a3
22. Bc1 c5 23. R4d3 Ne5 24. Rd6 b4 25. cxb4 cxb4 26. Bf4 Bc4 27. Qd2 b3 28. Qd4
b2 29. Bxe5 Qxe5 30. Qxc4 Qxd6 31. Rxd6 b1=Q+ 32. Kh2 Rac8 33. Qd5 Qb2 34. e5
Rxe5 0-1

[Event "Summer Prague Open 2019 - A"]
[Site "Olympik hotel, Sokolovska 138,"]
[Date "2019.08.03"]
[Round "2"]
[White "Barua, Dibyendu"]
[Black "Chmel, Kristian"]
[Result "1-0"]
[WhiteElo "2379"]
[BlackElo "2119"]
[PlyCount "83"]
[EventDate "2019.08.02"]

1. e4 e5 2. Bc4 Nf6 3. d3 c6 4. Nf3 d5 5. Bb3 Bd6 6. Nc3 d4 7. Ne2 h6 8. h3 Qe7
9. g4 Nbd7 10. c3 dxc3 11. bxc3 Nc5 12. Bc2 Bd7 13. Ng3 O-O-O 14. Qe2 Bc7 15.
Bb2 Ne6 16. Nf5 Qc5 17. O-O-O Nf4 18. Qf1 g6 19. Ne3 b5 20. d4 exd4 21. cxd4
Qb6 22. d5 cxd5 23. exd5 Rhe8 24. Kb1 Ne4 25. Rd4 Nc5 26. Qd1 Bd6 27. Qd2 Kb8
28. h4 Ka8 29. h5 Na4 30. Bxa4 bxa4 31. Nc4 Qa6 32. Nxd6 Re2 33. Qxf4 Rb8 34.
Rb4 Qd3+ 35. Ka1 Rxb2 36. Rxb2 Rxb2 37. Kxb2 a3+ 38. Kc1 Qc3+ 39. Kd1 Qa1+ 40.
Ke2 Qxa2+ 41. Nd2 Qc2 42. Qb4 1-0

[Event "Summer Prague Open 2019 - A"]
[Site "Olympik hotel, Sokolovska 138,"]
[Date "2019.08.03"]
[Round "2"]
[White "Shehzad, Shazil"]
[Black "Yagupov, Igor"]
[Result "1/2-1/2"]
[WhiteElo "2130"]
[BlackElo "2370"]
[PlyCount "53"]
[EventDate "2019.08.02"]

1. e4 c5 2. Nf3 Nc6 3. Bb5 Nf6 4. Nc3 g6 5. h3 Bg7 6. e5 Ng8 7. O-O Nxe5 8.
Nxe5 Bxe5 9. Re1 Bg7 10. d4 a6 11. Bc4 cxd4 12. Nd5 e6 13. Qf3 d6 14. c3 h6 15.
Bb3 Nf6 16. Nxf6+ Bxf6 17. cxd4 Bg7 18. Bf4 O-O 19. Rad1 Qf6 20. Qg3 Rd8 21. h4
Kh7 22. h5 gxh5 23. Qd3+ Kh8 24. Qe3 Kh7 25. Qd3+ Kh8 26. Qe3 Kh7 27. Qd3+
1/2-1/2

[Event "Summer Prague Open 2019 - A"]
[Site "Olympik hotel, Sokolovska 138,"]
[Date "2019.08.03"]
[Round "2"]
[White "Gruber, Michael"]
[Black "Kulhanek, Tomas"]
[Result "0-1"]
[WhiteElo "2123"]
[BlackElo "2342"]
[PlyCount "74"]
[EventDate "2019.08.02"]

1. e4 d6 2. d4 Nf6 3. Nc3 g6 4. Be3 c6 5. Qd2 b5 6. Bd3 Nbd7 7. a4 b4 8. Nce2
c5 9. c3 Bb7 10. f3 bxc3 11. Nxc3 cxd4 12. Bxd4 Bg7 13. Nge2 O-O 14. O-O Ne5
15. Rfc1 Nc6 16. Be3 d5 17. Nxd5 Nxd5 18. exd5 Na5 19. Bc4 Nxc4 20. Rxc4 Qxd5
21. Qxd5 Bxd5 22. Rc7 Rab8 23. Nc3 e6 24. Nxd5 exd5 25. Rd1 Rfe8 26. Bc5 Rxb2
27. Re7 Rc8 28. Bxa7 h5 29. h3 h4 30. Bf2 Rcc2 31. Bxh4 Rxg2+ 32. Kf1 Rh2 33.
Kg1 Rxh3 34. Re8+ Kh7 35. Bd8 Rg3+ 36. Kh1 Rxf3 37. a5 Bd4 0-1

[Event "Summer Prague Open 2019 - A"]
[Site "Olympik hotel, Sokolovska 138,"]
[Date "2019.08.03"]
[Round "2"]
[White "Jinsoo, Kim"]
[Black "Vokac, Marek"]
[Result "0-1"]
[WhiteElo "2112"]
[BlackElo "2319"]
[PlyCount "116"]
[EventDate "2019.08.02"]

1. e4 g6 2. d4 c6 3. Nc3 Bg7 4. Be3 d5 5. f3 dxe4 6. fxe4 e5 7. d5 Nf6 8. Nf3
O-O 9. Qd2 cxd5 10. exd5 e4 11. Ng1 Nbd7 12. O-O-O Ne5 13. h3 Bd7 14. Bg5 Re8
15. Kb1 Rc8 16. Bxf6 Qxf6 17. Nxe4 Qb6 18. Qf2 Qxf2 19. Nxf2 Bf5 20. Nd3 Bxd3
21. cxd3 Red8 22. Be2 Rxd5 23. Nf3 Nc6 24. a3 h5 25. Rhe1 Bf6 26. Nd2 Nd4 27.
Bf1 Nf5 28. Be2 Bh4 29. Rg1 Bf2 30. Rgf1 Bd4 31. Bf3 Rb5 32. Nc4 Ne3 33. Rfe1
Nxd1 34. Rxd1 Rd8 35. Kc2 b6 36. Re1 Kf8 37. b4 Rf5 38. Re4 b5 39. Na5 Rc8+ 40.
Kb1 Bf6 41. d4 Rc7 42. Nb3 Kg7 43. Nc5 Rd5 44. Nb3 Rd6 45. Rf4 Rc3 46. Kb2 Re3
47. Kc2 a6 48. h4 Kg8 49. Bd1 Bg7 50. Bf3 f5 51. Bd1 Rg3 52. Rf2 Bxd4 53. Rd2
Be5 54. Rxd6 Bxd6 55. Nd2 Rxa3 56. Nb3 Bxb4 57. Kb2 Be7 58. Bf3 Ra4 0-1

[Event "Summer Prague Open 2019 - A"]
[Site "Olympik hotel, Sokolovska 138,"]
[Date "2019.08.03"]
[Round "2"]
[White "Ptacek, Lubos"]
[Black "Arpita, Mukherjee"]
[Result "1/2-1/2"]
[WhiteElo "2101"]
[BlackElo "2290"]
[Annotator "Stanice"]
[PlyCount "103"]
[EventDate "2019.08.02"]

1. e4 c5 2. Nf3 d6 3. d4 cxd4 4. Nxd4 Nf6 5. Nc3 a6 6. Be2 e5 7. Nb3 Be7 8. O-O
O-O 9. Be3 Be6 10. h3 b5 11. Bd3 Nbd7 12. f4 exf4 13. Bxf4 Ne5 14. Kh1 Nc4 15.
Rb1 Rc8 16. Nd5 Bxd5 17. exd5 Nb6 18. Bf5 Rc7 19. Qd3 Nbxd5 20. Bxh7+ Nxh7 21.
Qxd5 Rxc2 22. Nd4 Rc5 23. Qb7 Bf6 24. Nb3 Rc2 25. Qxa6 Qa8 26. Qxa8 Rxa8 27.
Bxd6 Rxa2 28. Rfe1 Ng5 29. Be5 Ne6 30. Nc1 Ra6 31. Bxf6 gxf6 32. Nd3 $11 Rd6
33. Re3 Rd2 34. Ne1 f5 35. Nf3 Rf2 36. Re5 Nd4 37. Nxd4 Rxd4 38. Rxb5 Rdd2 39.
b4 Rxg2 40. Rg1 Rxg1+ 41. Kxg1 Rb2 42. Rb8+ Kg7 43. b5 Kf6 44. b6 Kg5 45. h4+
Kf4 46. b7 Kf3 47. Kh1 Rb1+ 48. Kh2 Rb2+ 49. Kh1 Rb4 50. Kg1 Rb1+ 51. Kh2 Rb2+
52. Kh1 1/2-1/2

[Event "Summer Prague Open 2019 - A"]
[Site "Olympik hotel, Sokolovska 138,"]
[Date "2019.08.03"]
[Round "2"]
[White "Sorm, Daniel"]
[Black "Plesek, Jiri"]
[Result "1-0"]
[WhiteElo "2282"]
[BlackElo "2097"]
[PlyCount "49"]
[EventDate "2019.08.02"]

1. d4 d5 2. c4 dxc4 3. Nf3 Nf6 4. e3 e6 5. Bxc4 c5 6. O-O a6 7. Qe2 b5 8. Bd3
cxd4 9. exd4 Nc6 10. a4 b4 11. Be3 Be7 12. Nbd2 Bb7 13. Nb3 Nd5 14. Nc5 Bxc5
15. dxc5 Nxe3 16. Qxe3 Qf6 17. Nd2 Ne5 18. Be4 Ng4 19. Qg3 Bxe4 20. Nxe4 Qg6
21. Nd6+ Ke7 22. Qh4+ f6 23. h3 h5 24. Rfe1 a5 25. Re4 1-0

[Event "Summer Prague Open 2019 - A"]
[Site "Olympik hotel, Sokolovska 138,"]
[Date "2019.08.03"]
[Round "2"]
[White "Yakimenko, Alexander A"]
[Black "Aronsson, Marten"]
[Result "1-0"]
[WhiteElo "2100"]
[BlackElo "2269"]
[PlyCount "105"]
[EventDate "2019.08.02"]

1. e4 e5 2. Nf3 Nc6 3. Bb5 a6 4. Ba4 Nf6 5. O-O Nxe4 6. d4 b5 7. Bb3 d5 8. dxe5
Be6 9. Qe2 Be7 10. Rd1 Qd7 11. c4 bxc4 12. Bxc4 O-O 13. Nc3 Nxc3 14. bxc3 Rfd8
15. Bf4 Qc8 16. Bb3 Na5 17. Bc2 c5 18. Qd3 g6 19. Bg5 Bxg5 20. Nxg5 Bf5 21. Qf3
h6 22. Nxf7 Bxc2 23. Nxd8 Qxd8 24. Qxd5+ Qxd5 25. Rxd5 Nb7 26. Rd7 Nd8 27. f3
Bf5 28. Rc7 Ne6 29. Rc6 h5 30. Rd1 Rb8 31. Rxa6 Rb2 32. Rd7 Rb8 33. Rd2 Nf4 34.
h4 Kf7 35. g3 Nd3 36. Rf6+ Ke7 37. Rxf5 Rb1+ 38. Kh2 gxf5 39. Rxd3 Ke6 40. f4
Rc1 41. Rd6+ Ke7 42. a4 Rxc3 43. a5 Ra3 44. a6 c4 45. Rc6 c3 46. a7 Rxa7 47.
Rxc3 Ke6 48. Rd3 Ra2+ 49. Kh3 Ra6 50. Kg2 Ra2+ 51. Kf3 Ke7 52. Rd6 Ra3+ 53. Kg2
1-0

[Event "Summer Prague Open 2019 - A"]
[Site "Olympik hotel, Sokolovska 138,"]
[Date "2019.08.03"]
[Round "2"]
[White "Adrian, Claude"]
[Black "Ludvigsen, Frode"]
[Result "1-0"]
[WhiteElo "2258"]
[BlackElo "2068"]
[PlyCount "115"]
[EventDate "2019.08.02"]

1. c4 c5 2. Nf3 Nf6 3. Nc3 Nc6 4. g3 d5 5. d4 e6 6. cxd5 exd5 7. Bg2 Be7 8. O-O
O-O 9. Be3 c4 10. Ne5 Be6 11. Nxc4 dxc4 12. d5 Nxd5 13. Nxd5 Rc8 14. Nxe7+ Qxe7
15. Qa4 a6 16. Rfd1 h6 17. Bb6 Ne5 18. Rac1 Rfe8 19. Rd2 Bd7 20. Qd1 Bc6 21.
Bh3 Ra8 22. f4 Qb4 23. Bf2 Ng6 24. a3 Qb5 25. Rc3 Qh5 26. Bf1 b5 27. b3 Qg4 28.
h3 Qe6 29. bxc4 Qe4 30. Rf3 Qxc4 31. Rd4 Qa2 32. Rc3 Rac8 33. Qd2 Qxd2 34. Rxd2
Nf8 35. Rdc2 Bd7 36. Rxc8 Rxc8 37. Rxc8 Bxc8 38. e4 Bb7 39. e5 Ne6 40. Bb6 Kf8
41. Kf2 Ke7 42. Ke3 Kd7 43. f5 Nc7 44. Bc5 Nd5+ 45. Kd4 Ne7 46. Bxe7 Kxe7 47.
Kc5 Bc8 48. g4 h5 49. Kb6 hxg4 50. hxg4 g6 51. Bd3 gxf5 52. Bxf5 Bxf5 53. gxf5
Kd7 54. Kxa6 Kc6 55. f6 Kd5 56. Kxb5 Kxe5 57. a4 Kxf6 58. a5 1-0

[Event "Summer Prague Open 2019 - A"]
[Site "Olympik hotel, Sokolovska 138,"]
[Date "2019.08.03"]
[Round "2"]
[White "Srinivasa Rao, M."]
[Black "Slampa, Jan"]
[Result "1-0"]
[WhiteElo "2090"]
[BlackElo "2245"]
[Annotator "Stanice"]
[PlyCount "183"]
[EventDate "2019.08.02"]

1. c4 Nf6 2. Nf3 e6 3. g3 d5 4. d4 Be7 5. Bg2 O-O 6. O-O b6 7. cxd5 Nxd5 8. e4
Nf6 9. Nc3 Bb7 10. Re1 Nbd7 11. a3 Re8 12. Bf4 c5 13. d5 exd5 14. exd5 Nh5 15.
Be3 Ndf6 16. Ne5 Bf8 17. Nxf7 Kxf7 18. g4 Re5 19. gxh5 Rxh5 20. Bf3 Re5 21. Bf4
Rf5 22. Bg3 Bd6 23. Bg4 Nxg4 24. Qxg4 g6 25. Rad1 Bxg3 26. hxg3 Qd7 27. Re6 Rd8
28. Rde1 Bxd5 29. Nxd5 Qxd5 30. Re7+ Kg8 31. Rxa7 Qd4 32. Qe2 Rdf8 33. Rf1 Rf3
34. Kg2 Qd5 35. Kg1 Qd4 36. Kg2 R3f7 37. Rxf7 Rxf7 38. Re1 h5 39. Qe8+ Kg7 40.
Qe5+ Qxe5 41. Rxe5 Kf6 42. Re8 Re7 43. Rd8 Re6 44. Kf1 Ke7 45. Ra8 Kd6 46. a4
Kd5 47. b3 Kd4 48. Ra6 Kd5 49. Ra8 Kc6 50. Rg8 Kb7 51. Kg2 Rd6 52. f4 Kc6 53.
Kh3 Kd5 54. Ra8 Ke4 55. Ra6 Kf3 56. Kh4 Kg2 57. a5 Rd3 58. f5 gxf5 59. Rxb6
Rxg3 60. a6 Rg8 61. Kxh5 Kf3 62. Rg6 Ra8 63. Kg5 Ke4 64. Re6+ Kd5 $11 65. Kxf5
c4 66. Re5+ Kc6 67. bxc4 Kb6 68. Ke4 Kxa6 69. Rb5 Rd8 70. Rb1 Re8+ 71. Kd5 Rd8+
72. Ke6 Rc8 73. Rb4 Ka5 74. Rb5+ Ka6 75. Kd5 Rd8+ 76. Kc5 Rc8+ 77. Kb4 Rc7 78.
Rh5 Rb7+ 79. Kc5 Rc7+ 80. Kd5 Kb6 81. Rh6+ Kb7 82. Rg6 Rd7+ 83. Kc5 Rh7 84. Kb5
Rf7 85. c5 Rf1 86. Rg7+ Kc8 87. Kb6 Kd8 88. Rg8+ Kd7 89. c6+ Kd6 90. Rd8+ Ke7
91. c7 Rb1+ 92. Ka5 1-0

[Event "Summer Prague Open 2019 - A"]
[Site "Olympik hotel, Sokolovska 138,"]
[Date "2019.08.03"]
[Round "2"]
[White "Micanek, Tomas"]
[Black "Ahn, Hongjin"]
[Result "0-1"]
[WhiteElo "2077"]
[BlackElo "2238"]
[PlyCount "66"]
[EventDate "2019.08.02"]

1. e4 c5 2. Nc3 a6 3. g3 b5 4. Bg2 Bb7 5. f4 e6 6. Nh3 b4 7. Ne2 d5 8. e5 Nh6
9. O-O Nf5 10. g4 Nh4 11. Bh1 h5 12. Ng3 hxg4 13. Qxg4 c4 14. d4 cxd3 15. Be3
Nf5 16. Nxf5 exf5 17. Qg3 Qh4 18. Qxh4 Rxh4 19. Ng5 Nd7 20. cxd3 Nc5 21. Rac1
Rg4+ 22. Kf2 Nxd3+ 23. Ke2 Nxc1+ 24. Rxc1 Kd7 25. h3 Rh4 26. Bf2 Rh6 27. Nxf7
Rc6 28. Rd1 Rc2+ 29. Kf1 Be7 30. Nd6 Bxd6 31. Bxd5 Rxf2+ 32. Ke1 Bxd5 33. Rxd5
Rxb2 0-1

[Event "Summer Prague Open 2019 - A"]
[Site "Olympik hotel, Sokolovska 138,"]
[Date "2019.08.03"]
[Round "2"]
[White "Dushyant, Sharma"]
[Black "Jayaram, Ramanna"]
[Result "1-0"]
[WhiteElo "2228"]
[BlackElo "2056"]
[PlyCount "71"]
[EventDate "2019.08.02"]

1. e4 e5 2. Nf3 Nc6 3. Nc3 Nf6 4. Bb5 Bb4 5. O-O O-O 6. d3 Bxc3 7. bxc3 d6 8.
Bg5 Qe7 9. Re1 a6 10. Bc4 h6 11. Bh4 Na5 12. Bb3 Nxb3 13. cxb3 g5 14. Bg3 Bg4
15. d4 Rfe8 16. Qd3 Bxf3 17. Qxf3 Kg7 18. Rad1 Qe6 19. h3 a5 20. c4 Nd7 21. Qc3
f6 22. f3 b6 23. a3 h5 24. h4 gxh4 25. Bxh4 Kh7 26. Kf2 Rh8 27. Rh1 Kg6 28. Rh3
Rh7 29. Rdh1 exd4 30. Qxd4 Qe5 31. Qd1 c6 32. Kf1 Qc5 33. Bg3 Ne5 34. Bf2 Qxa3
35. f4 Ng4 36. Qxg4+ 1-0

[Event "Summer Prague Open 2019 - A"]
[Site "Olympik hotel, Sokolovska 138,"]
[Date "2019.08.03"]
[Round "2"]
[White "Salykin, Aleksandr"]
[Black "Soural, Jan"]
[Result "1/2-1/2"]
[WhiteElo "2063"]
[BlackElo "2206"]
[Annotator "Stanice"]
[PlyCount "156"]
[EventDate "2019.08.02"]

1. d4 Nf6 2. Bf4 d5 3. e3 e6 4. Nd2 Bd6 5. Bg3 O-O 6. Ngf3 c5 7. c3 Nc6 8. Bd3
b6 9. Qe2 Bb7 10. Rd1 Re8 11. e4 Be7 12. e5 Nh5 13. Ng5 Bxg5 14. Qxh5 g6 15.
Qe2 f5 16. f4 Be7 17. Nf3 b5 18. Bxb5 c4 19. O-O Qa5 20. Bxc6 Bxc6 21. Ra1 Reb8
22. Rfb1 Rb5 23. Qc2 Rab8 24. Nd2 Qa6 25. b4 Qa3 26. Rc1 R5b7 27. Nb1 $11 Qa4
28. Nd2 Qa3 29. Nb1 Qa4 30. Nd2 a5 31. a3 Ra8 32. Qxa4 Bxa4 33. Rab1 Rba7 34.
Rb2 Bb5 35. Nf3 axb4 36. axb4 Ra3 37. Be1 R8a4 38. Rcb1 h6 39. h4 Kf7 40. Kf2
Ra8 41. Bd2 Ba4 42. Ke2 Bb5 43. Kf2 Rc8 44. Ke1 Ba4 45. Rc1 Bb3 46. g3 h5 47.
Ke2 Rca8 48. Ne1 Ke8 49. Nc2 R3a7 50. Ne1 Kd7 51. Nc2 Kc6 52. Ne1 Kb5 53. Ng2
Ra1 54. Rbb1 R1a2 55. Ne1 R8a3 56. Ke3 Ka6 57. Ke2 Kb6 58. Ke3 Ka7 59. Ke2 Ka6
60. Ke3 Ka7 61. Ke2 Ka8 62. Ke3 Bxb4 63. cxb4 Bc2+ 64. Ke2 Bxb1 65. Rxb1 c3 66.
Rd1 cxd2 67. Nd3 Rxd3 68. Kxd3 Ra3+ 69. Kxd2 Rxg3 70. Rc1 Kb7 71. b5 Kb6 72.
Rc6+ Kxb5 73. Rxe6 Kc4 74. Ra6 Kxd4 75. e6 Rg2+ 76. Ke1 Rb2 77. e7 Rb8 78. Rxg6
Re8 1/2-1/2

[Event "Summer Prague Open 2019 - A"]
[Site "Olympik hotel, Sokolovska 138,"]
[Date "2019.08.03"]
[Round "2"]
[White "Flak, Pawel"]
[Black "Singh, Soram Rahul"]
[Result "1/2-1/2"]
[WhiteElo "2198"]
[BlackElo "2039"]
[PlyCount "163"]
[EventDate "2019.08.02"]

1. d4 d5 2. c4 e6 3. Nf3 Nf6 4. g3 Bb4+ 5. Bd2 Be7 6. Bg2 c6 7. Qc2 O-O 8. O-O
b6 9. cxd5 exd5 10. Nc3 Nbd7 11. Bf4 Bb7 12. Rad1 Re8 13. Ne5 Bb4 14. Nb1 Nxe5
15. dxe5 Nh5 16. e4 Nxf4 17. gxf4 Qh4 18. Qb3 a5 19. a3 Bc5 20. Qg3 Qxg3 21.
hxg3 dxe4 22. Bxe4 f6 23. Rd7 Ba6 24. Re1 fxe5 25. fxe5 Rf8 26. Rd2 Rxf2 27.
Rxf2 Rf8 28. Rd1 Rxf2 29. Kh1 Re2 30. Nc3 Rxb2 31. Bxc6 Rc2 32. Nb5 Be7 33.
Bd5+ Kf8 34. Nd4 Be2 35. Re1 Rd2 36. Rxe2 Rxd4 37. Rf2+ Ke8 38. Bc6+ Kd8 39. a4
Rd1+ 40. Kg2 Re1 41. Rf7 g5 42. Rxh7 Rxe5 43. Kf3 Kc7 44. Bb5 Kd6 45. Rh6+ Kc7
46. Rh7 Kc8 47. Rh8+ Kb7 48. Rh7 Kc7 49. Rh2 Bd6 50. Rh7+ Be7 51. Rh2 Bc5 52.
Rh7+ Kd6 53. Rd7+ Ke6 54. Rd2 Kf6 55. Re2 Rd5 56. Bc4 g4+ 57. Kg2 Rd1 58. Re4
Rd2+ 59. Be2 Bd6 60. Kf1 Kf5 61. Rc4 Bxg3 62. Bxg4+ Ke5 63. Rc6 Rf2+ 64. Kg1
Rb2 65. Kf1 Rf2+ 66. Kg1 Ra2 67. Re6+ Kd5 68. Rg6 Bh2+ 69. Kh1 Rxa4 70. Be6+
Kc5 71. Kxh2 b5 72. Rg5+ Kc6 73. Kg2 b4 74. Kf2 Ra1 75. Ke2 a4 76. Kd2 b3 77.
Kc3 Rc1+ 78. Kb2 Rc2+ 79. Kb1 a3 80. Bxb3 Rb2+ 81. Ka1 Rxb3 82. Ka2 1/2-1/2

[Event "Summer Prague Open 2019 - A"]
[Site "Olympik hotel, Sokolovska 138,"]
[Date "2019.08.03"]
[Round "2"]
[White "Radovic, Stefan"]
[Black "Brejnik, Gustav"]
[Result "1/2-1/2"]
[WhiteElo "2039"]
[BlackElo "2190"]
[PlyCount "57"]
[EventDate "2019.08.02"]

1. d4 Nf6 2. c4 e6 3. Nc3 Bb4 4. Qc2 d5 5. cxd5 Qxd5 6. e3 c5 7. Bd2 Bxc3 8.
Bxc3 cxd4 9. Bxd4 Nc6 10. Bc3 O-O 11. Nf3 Qc5 12. a3 Nd5 13. Bd3 Nxc3 14. Bxh7+
Kh8 15. Bd3 Rd8 16. bxc3 Bd7 17. O-O Rac8 18. h4 Ne5 19. Nxe5 Qxe5 20. Rac1 Bc6
21. Rfd1 Qh5 22. Bf1 Qxh4 23. Rd4 Rxd4 24. cxd4 b6 25. Qd2 Qe7 26. Rc3 Bb7 27.
Rxc8+ Bxc8 28. Qc3 Bb7 29. g3 1/2-1/2

[Event "Summer Prague Open 2019 - B"]
[Site "Olympik hotel, Sokolovska 138,"]
[Date "2019.08.03"]
[Round "2"]
[White "Schulltz, Bernfried"]
[Black "Atnilov, Boris"]
[Result "0-1"]
[WhiteElo "1705"]
[BlackElo "2053"]
[PlyCount "60"]
[EventDate "2019.08.02"]

1. e4 c5 2. d4 cxd4 3. Qxd4 Nc6 4. Qe3 g6 5. Nc3 Bg7 6. Bd2 a6 7. O-O-O d6 8.
f4 Nf6 9. h3 O-O 10. g4 Bd7 11. g5 Nh5 12. Be2 Rc8 13. Bxh5 gxh5 14. Qf3 Na5
15. f5 Nc4 16. Nd5 Bxb2+ 17. Kb1 e6 18. Nf6+ Bxf6 19. gxf6 Nxd2+ 20. Rxd2 Qxf6
21. Rxd6 Ba4 22. Rd2 Rc6 23. c3 Rxc3 24. Qg2+ Kh8 25. Ne2 Rc4 26. Rb2 Rfc8 27.
Rc1 Rxc1+ 28. Nxc1 Rxc1+ 29. Kxc1 Qc3+ 30. Rc2 Qxc2+ 0-1

[Event "Summer Prague Open 2019 - B"]
[Site "Olympik hotel, Sokolovska 138,"]
[Date "2019.08.03"]
[Round "2"]
[White "Kastner, Oldrich"]
[Black "Dharani, Srinivas K B"]
[Result "1/2-1/2"]
[WhiteElo "2033"]
[BlackElo "1690"]
[PlyCount "87"]
[EventDate "2019.08.02"]

1. Nf3 Nf6 2. c4 g6 3. Nc3 d5 4. cxd5 Nxd5 5. Qb3 Nb6 6. Ng5 e6 7. d3 Bg7 8. g3
O-O 9. Bg2 Nc6 10. O-O a5 11. a4 Nd4 12. Qd1 Nd5 13. Bd2 b6 14. Nf3 Nxf3+ 15.
Bxf3 Bb7 16. Bg2 Nxc3 17. bxc3 Bxg2 18. Kxg2 Qd5+ 19. Kg1 h5 20. h4 Bf6 21. Rb1
Rad8 22. Rb5 Qc6 23. Qb3 Kh7 24. Bg5 Bxg5 25. Rxg5 Rd5 26. Rxd5 Qxd5 27. Rb1
Rd8 28. Qc2 Qc6 29. c4 Qc5 30. Qc3 Qd4 31. Qxd4 Rxd4 32. Rb5 Kg7 33. f4 Kf6 34.
Kf2 Rd6 35. Ke3 c5 36. Ke4 Rd4+ 37. Ke3 Rd6 38. Rb1 Kf5 39. Kf3 Kf6 40. Rd1 Ke7
41. e4 f5 42. Ke2 Rd4 43. e5 Kd7 44. Rb1 1/2-1/2

[Event "Summer Prague Open 2019 - B"]
[Site "Olympik hotel, Sokolovska 138,"]
[Date "2019.08.03"]
[Round "2"]
[White "Mielke, Torsten Mario"]
[Black "Korenek, Frantisek"]
[Result "0-1"]
[WhiteElo "1687"]
[BlackElo "1956"]
[PlyCount "72"]
[EventDate "2019.08.02"]

1. e4 e6 2. d4 d5 3. exd5 exd5 4. f4 Nf6 5. Nf3 Bd6 6. Be2 O-O 7. O-O Nbd7 8.
c3 Ne4 9. Ne5 c6 10. Nd2 Ndf6 11. Bd3 Nxd2 12. Bxd2 c5 13. Be3 b6 14. Qc2 Bb7
15. Rf3 Ne4 16. Re1 c4 17. Be2 b5 18. Rh3 Qc7 19. Rf1 Rae8 20. Qc1 Bc8 21. Bg4
f6 22. Bxc8 Qxc8 23. Nf3 Rf7 24. Ne1 Rfe7 25. Nc2 Qc7 26. Qd1 f5 27. Qh5 g6 28.
Qf3 Nf6 29. Rg3 Re4 30. h4 Ng4 31. Rxg4 fxg4 32. Qxg4 Rxe3 33. h5 Re2 34. Nb4
Bxb4 35. cxb4 Qg7 36. f5 gxf5 0-1

[Event "Summer Prague Open 2019 - B"]
[Site "Olympik hotel, Sokolovska 138,"]
[Date "2019.08.03"]
[Round "2"]
[White "Soural, Karel"]
[Black "Morgan, George"]
[Result "1-0"]
[WhiteElo "1923"]
[BlackElo "1643"]
[PlyCount "59"]
[EventDate "2019.08.02"]

1. e4 c5 2. Nf3 d6 3. d4 cxd4 4. Nxd4 Nf6 5. Nc3 a6 6. h3 e5 7. Nde2 Nc6 8. g4
Be7 9. Bg2 b5 10. O-O Bb7 11. Ng3 Nd4 12. Be3 Ne6 13. Qd2 O-O 14. Nf5 Ne8 15.
Rad1 Qc7 16. Nd5 Bxd5 17. exd5 Nd8 18. Nxe7+ Qxe7 19. f4 e4 20. f5 Nf6 21. Rf4
Rc8 22. c3 Qd7 23. Bd4 Nxd5 24. Rxe4 Nc7 25. Bb6 Na8 26. Bf2 Nb7 27. Rde1 Na5
28. Re7 Qd8 29. f6 h6 30. fxg7 1-0